000 nam a22 a 4500
999 _c123361
_d123361
003 BLK
005 20220602085245.0
008 180409b bul|||||r ||||||| ||bul||
010 _aKNG00129020000
040 _aBLK
041 _aBUL
_cBUL
080 _aБългарска литература
_b821.163.2
_x-32
_z821.163.2-32
100 1 _aБабаков, Светомир Витков
_eпърви автор
_9318109
139 _aБабаков, Светомир Витков
_bБ 12
245 1 0 _aЧервеният автобус
_bПовест
_cСветомир Витков Бабаков
257 _aBGR
260 _bХристо Г. Данов
_c1966
_aПловдив
300 _a196 с.
_c22 см
380 _aX
500 _a10 164 тир.
852 _aЦб 38933
_bЦб
856 4 _qpdf
856 4 _qpdf
942 _cKNG
_n0
_s1
944 _aCR
_c17.03.2012
_l17.03.2012 - от С1,Р / 17.03.2012
_kДиана_Димитрова
944 _aED
_c17.03.2012
_l17.03.2012 - от С1,Р / 17.03.2012
999 _d123361